000
00335nam a2200145Ia 4500
005
20251222153603.0
008
251222s9999||||xx |||||||||||||| ||spa||
020
_a
9786124551703
082
_a
193/T71
100
_a
Tonsmann Vásquez, Dick
245
0
_a
Guerra y Paz:
250
_a
1ra. ed.
264
_b
Mystic Rosse
942
_c
LIB
999
_c
31324
_d
31324